| 000 | 00624nam a2200121Ia 4500 | ||
|---|---|---|---|
| 008 | 220620s9999||||xx |||||||||||||| ||und|| | ||
| 100 | _aMelrose, Sherri||Park, Caroline||Perry, Beth | ||
| 245 | 0 | _aCentring Human Connections in the Education of Health Professionals | |
| 546 | _aEnglish[eng] | ||
| 650 | _aPedagogy||health care||medical professionals||vocational books||above and beyond||caregivers||appreciative patients||nursing||learning||teaching||medical books||medicine||medical school | ||
| 856 | _uhttps://www.aupress.ca/books/120289-centring-human-connections-in-the-education-of-health-professionals/ | ||
| 942 | _cEB | ||
| 999 |
_c21781 _d21781 |
||